| 000 | 00535nam a2200205 a 4500 | ||
|---|---|---|---|
| 001 | BRCA_4161 | ||
| 005 | 20190320204552.0 | ||
| 008 | 060510s1967----mx-a######---#000-0#spa-# | ||
| 041 | _aspa | ||
| 044 | _amx | ||
| 050 | 4 |
_aQB36.G3 _b.G35 1967 |
|
| 245 | 1 | 0 | _aGalileo. |
| 260 |
_aMéxico _bCultural y Educativa _c1967 |
||
| 300 |
_a75 p. _bil. (algunas a color) _c30 cm. |
||
| 440 | 0 |
_aLos Grandes de todos los tiempos _v8 _910755 |
|
| 500 | _aC193 | ||
| 600 | 1 | 4 |
_aGalilei, Galileo _d1564-1642 _910756 |
| 902 | _aGFM | ||
| 942 |
_2lcc _cB |
||
| 999 |
_c3877 _d3877 |
||